Catálogo

Los siete pilares de la sabiduría : (Registro nro. 53085)

Detalles MARC
000 -LEADER
fixed length control field 01122cam a2200313 i 4500
001 - CONTROL NUMBER
control field 53085
003 - CONTROL NUMBER IDENTIFIER
control field Mx-PuUPA
005 - DATE AND TIME OF LATEST TRANSACTION
control field 20230228154728.0
008 - FIXED-LENGTH DATA ELEMENTS--GENERAL INFORMATION
fixed length control field 140415s2005 sp a gr 000 0 spa d
017 ## - COPYRIGHT OR LEGAL DEPOSIT NUMBER
Copyright or legal deposit number 40293/2005
020 ## - INTERNATIONAL STANDARD BOOK NUMBER
International Standard Book Number 8496129691
040 ## - CATALOGING SOURCE
Original cataloging agency Mx-PuUPA
Language of cataloging spa
Transcribing agency Mx-PuUPA
Modifying agency Mx-PuUPA
Description conventions rda
041 0# - LANGUAGE CODE
Language code of text/sound track or separate title spa
100 1# - MAIN ENTRY--PERSONAL NAME
Personal name Lawrence, T. E.,
Fuller form of name (Thomas Edward),
Dates associated with a name 1888-1935
Relator term autor
9 (RLIN) 4593
245 14 - TITLE STATEMENT
Title Los siete pilares de la sabiduría :
Remainder of title un triunfo /
Statement of responsibility, etc. T.E. Lawrence
250 ## - EDITION STATEMENT
Edition statement 1a. edición
264 #1 - PRODUCTION, PUBLICATION, DISTRIBUTION, MANUFACTURE, AND COPYRIGHT NOTICE
Place of production, publication, distribution, manufacture Barcelona, España :
Name of producer, publisher, distributor, manufacturer Círculo Latino,
Date of production, publication, distribution, manufacture, or copyright notice 2005
300 ## - PHYSICAL DESCRIPTION
Extent 909 páginas, 14 páginas sin numerar :
Other physical details ilustraciones, mapas ;
Dimensions 24 cm
336 ## - CONTENT TYPE
Content type term texto
Fuente rdacontent
Content type code txt
337 ## - MEDIA TYPE
Media type term sin medio
Source rdamedia
Media type code n
338 ## - CARRIER TYPE
Carrier type term volumen
Source rdacarrier
Carrier type code nc
650 #7 - SUBJECT ADDED ENTRY--TOPICAL TERM
Topical term or geographic name entry element Árabes
Geographic subdivision Turquía y cercano oriente
Source of heading or term armarc
650 #7 - SUBJECT ADDED ENTRY--TOPICAL TERM
Topical term or geographic name entry element Guerra países Árabes
General subdivision Vida social y costumbres
Source of heading or term armarc
650 #7 - SUBJECT ADDED ENTRY--TOPICAL TERM
Topical term or geographic name entry element Árabes
General subdivision Historia
Chronological subdivision Siglo 20
Source of heading or term armarc
650 #7 - SUBJECT ADDED ENTRY--TOPICAL TERM
Topical term or geographic name entry element Soldados
Geographic subdivision Gran Bretaña
General subdivision Biografía
Source of heading or term armarc
942 ## - ADDED ENTRY ELEMENTS (KOHA)
Source of classification or shelving scheme Dewey Decimal Classification
Koha item type Libro
Classification part 940.415
Item part L415
Existencias
Withdrawn status Lost status Source of classification or shelving scheme Damaged status Not for loan Collection code Home library Current library Shelving location Date acquired Source of acquisition Total Checkouts Full call number Barcode Date last seen Price effective from Koha item type
    Dewey Decimal Classification     General Biblioteca Karol Wojtyla Biblioteca Karol Wojtyla Sala general 20/06/2017 Compra   940.415 L415 2005 95478 05/01/2026 20/06/2017 Libro